Odontología práctica / (Record no. 110419)
[ view plain ]
| 000 -LEADER | |
|---|---|
| campo de control de longitud fija | 00899nam a2200217 i 4500 |
| 001 - NÚMERO DE CONTROL | |
| campo de control | 110419 |
| 003 - IDENTIFICADOR DE NÚMERO DE CONTROL | |
| campo de control | ES-MaACL |
| 005 - FECHA Y HORA DE LA ÚLTIMA TRANSACCIÓN | |
| campo de control | 20230906185041.0 |
| 007 - CAMPO FIJO DE DESCRIPCIÓN FÍSICA--INFORMACIÓN GENERAL | |
| campo de control de longitud fija | t| |
| 008 - DATOS DE LONGITUD FIJA--INFORMACIÓN GENERAL | |
| campo de control de longitud fija | 061121m19791982sp r ||||1| spa d |
| 245 00 - MENCIÓN DEL TÍTULO | |
| Título | Odontología práctica / |
| Mención de responsabilidad, etc. | dirigida por David Haunfelder, Lorenz Hupfauf, Werner Ketterl.; dirección de la versión española Juan Pedro Moreno González. |
| 260 ## - PUBLICACIÓN, DISTRIBUCIÓN, ETC. | |
| Lugar de publicación, distribución, etc. | Madrid ; : |
| Nombre del editor, distribuidor, etc. | Alhambra ;, |
| Fecha de publicación, distribución, etc. | 1979-82. |
| 300 ## - DESCRIPCIÓN FÍSICA | |
| Extensión | 3 v. : |
| Otras características físicas | il. ; |
| Dimensiones | 26 cm. |
| 500 ## - NOTA GENERAL | |
| Nota general | Primer, cuarto y sexto suplemento. |
| 505 8# - NOTA DE CONTENIDO CON FORMATO | |
| Nota de contenido con formato | Contiene: Tomo I Odontología restauradora y parondontal Tomo II Patología médico-quirúrgica bucofacial Tomo III Prótesis odontológica Tomo IV Ortodoncia. Radiología |
| 650 04 - PUNTO DE ACCESO ADICIONAL DE MATERIA--TÉRMINO DE MATERIA | |
| Término de materia o nombre geográfico como elemento de entrada | Odontología. |
| 9 (RLIN) | 15690 |
| 700 1# - ENTRADA AGREGADA--NOMBRE PERSONAL | |
| Nombre de persona | Haunfelder, David. |
| 9 (RLIN) | 62091 |
| 700 1# - ENTRADA AGREGADA--NOMBRE PERSONAL | |
| Nombre de persona | Hupfauf, Lorenz. |
| 9 (RLIN) | 64755 |
| 700 1# - ENTRADA AGREGADA--NOMBRE PERSONAL | |
| Nombre de persona | Ketterl, Werner. |
| 9 (RLIN) | 67965 |
| 852 ## - LOCALIZACIÓN | |
| Ubicación | ES-MaACL |
| Número de control de estantería | P-1495 |
| Sublocalización o colección | R.98840 |
| Estatus retirado | Estado de pérdida | Estado de daño | No para préstamo | Biblioteca de origen | Biblioteca actual | Ubicación en estantería | Fecha de adquisición | Fuente de adquisición | Total de préstamos | Signatura topográfica completa | Código de barras | Visto por última vez | Precio de reemplazo | Tipo de ítem Koha |
|---|---|---|---|---|---|---|---|---|---|---|---|---|---|---|
| Biblioteca del Ateneo de Madrid | Biblioteca del Ateneo de Madrid | Depósito 2 | 17/01/2008 | P-1495 | 1115203 | 23/02/2023 | 23/02/2023 | Libro impreso |
